Členenie dlhopisového trhu ako súčasť finančného trhu

Členenie kapitálového a finančného trhu. Peňažný a kapitálový trh. Segmenty a finančné nástroje kapitálového trhu. Organizovaný a neorganizovaný finančný trh. Rozvoj kapitálového trhu a legislatíva v rámci EÚ.

Salvato in:
Dettagli Bibliografici
Autore principale: Mikloš, Miroslav, 1975-
Natura: Capitolo di libro
Lingua:slovacco
Soggetti:
Tags: Aggiungi Tag
Nessun Tag, puoi essere il primo ad aggiungerne!!

MARC

LEADER 00000naa$a2200000$$$4500
001 0125289
005 20240502072429.1
041 0 |a slo 
044 |a SK 
245 1 0 |a Členenie dlhopisového trhu ako súčasť finančného trhu  |c Miroslav Mikloš 
520 |a Členenie kapitálového a finančného trhu. Peňažný a kapitálový trh. Segmenty a finančné nástroje kapitálového trhu. Organizovaný a neorganizovaný finančný trh. Rozvoj kapitálového trhu a legislatíva v rámci EÚ. 
610 2 0 |a trh kapitálový 
610 2 0 |a trh finančný 
610 2 0 |a trh peňažný 
610 2 0 |a nástroje investičné 
610 2 0 |a rozhodovanie finančné 
610 2 0 |a emitenti 
610 2 0 |a certifikáty depozitné 
610 2 0 |a papiere cenné 
610 2 0 |a dlhopisy 
610 2 0 |a obligácie 
100 1 |a Mikloš, Miroslav, 1975-